| 000 | 00583nam a22001817a 4500 | ||
|---|---|---|---|
| 003 | OSt | ||
| 005 | 20120302150029.0 | ||
| 008 | 090610t xxu||||| |||| 00| 0 eng d | ||
| 022 | _a81-214-0344-8 | ||
| 035 | _a५२५४ | ||
| 040 | _cमराठी | ||
| 100 |
_aयादव, राजेंद्र _96128 |
||
| 245 | _aयहाँ तक ( पडाव - २ ) | ||
| 250 | _a१ ली | ||
| 260 |
_aनयी दिल्ली _bनेशनल पब्लिशिंग हाऊस _c१९९० |
||
| 300 | _b५६९ पाने | ||
| 942 |
_2ddc _cBOOK |
||
| 999 |
_c491179 _d491176 |
||